|
|
|
|
| LEADER |
00587nam a22001811a 4500 |
| 020 |
|
|
|a 9789380719085
|c 0.00
|
| 040 |
|
|
|a SSUS - Library - Kalady
|
| 082 |
|
|
|a H 491.43
|b DAK/P
|
| 100 |
|
|
|a Daksha Nimawat
|
| 245 |
|
|
|a Prayojanmoolak hindi
|h [Text]
|
| 260 |
|
|
|a Kanpur
|b Abhay Prakashan
|c 2011
|
| 300 |
|
|
|a 92p.
|
| 600 |
|
|
|a Language Hindi
|
| 600 |
|
|
|a Language
|
| 852 |
|
|
|h H 491.43
|i DAK/P
|p 073152
|9 200.00
|t 0
|
| 942 |
|
|
|c BK
|
| 999 |
|
|
|c 35836
|d 35836
|
| 952 |
|
|
|0 0
|1 0
|4 0
|6 H_491_430000000000000_DAK_P
|7 0
|9 51908
|a SSUS
|b SSUS
|d 2015-01-08
|g 200.00
|o H 491.43 DAK/P
|p 073152
|r 2015-01-08
|v 0.00
|w 2015-01-08
|y BK
|